[Event "Charlotte Thanksgiving GM 2020"]
[Site "Charlotte"]
[Date "2020.11.28"]
[Round "6.5"]
[White "Hong, Andrew"]
[Black "Dragun, Kamil"]
[Result "1/2-1/2"]
[WhiteElo "2449"]
[BlackElo "2565"]
[Annotator "TA"]
[PlyCount "71"]
[EventDate "2020.11.26"]
[EventType "tourn"]
[EventCountry "USA"]
[SourceTitle "playchess.com"]
[Source "ChessBase"]
[SourceQuality "1"]

{[%evp 15,71,31,25,43,28,23,31,22,17,22,20,17,21,20,20,31,18,35,33,33,31,10,22,0,0,0,0,0,0,0,0,-13,0,-10,10,4,17,0,0,0,0,-23,0,0,0,0,0,0,0,0,0,0,0,0,0,0,0,-7]} 1. e4 e5 2. Nf3 Nf6 3. Nxe5 d6 4. Nf3 Nxe4 5. d4 d5 6. Bd3 Be7 7. O-O O-O 8. c4 Nc6 9. cxd5 {C42: Petroff Defence: 3 Nxe5 and unusual White 3rd moves.} Qxd5 10. Re1 Bf5 11. Nc3 {White is slightly better.} Nxc3 12. bxc3 Rae8 13. Rb1 {[#] Threatens to win with Rb5.} Bxd3 $1 14. Qxd3 b6 15. Bf4 {[#]} Bd8 $146 ({Predecessor:} 15... Qd7 16. d5 Na5 17. Re3 Bf6 18. Be5 Bxe5 19. Nxe5 Qa4 20. Rbe1 f6 21. Rh3 g6 22. Rxh7 Kxh7 23. Qxg6+ {½-½ (27) Giri,A (2764)-Duda,J (2743) chess24.com INT 2020}) 16. c4 Qd7 17. d5 Na5 18. Bd2 Qa4 19. Bxa5 Qxa5 20. Re2 Rxe2 21. Qxe2 Bf6 22. Rb3 c6 23. Rd3 b5 24. c5 {[%cal Bc4c5,Bc5c6,Bc6c7][%mdl 32]} cxd5 25. Rxd5 Qc3 26. Qxb5 Qa1+ 27. Qf1 {[#] aiming for Qxa1.} Qxa2 28. Rd1 a5 {[%cal Ba7a5,Ba5a4,Ba4a3][%mdl 32]} 29. c6 {The position is equal.} a4 30. c7 a3 31. Qd3 {And now Rc1 would win.} g6 32. Nd2 Qb2 33. Nc4 Qb7 {Strongly threatening ...a2.} 34. Qd6 Kg7 $1 {White must now prevent ...a2.} 35. Nxa3 {Hoping for Qxf8+!} Rc8 36. Nc4 {Weighted Error Value: White=0.05/Black=0.03} 1/2-1/2

[Event "Charlotte Thanksgiving GM 2020"]
[Site "Charlotte"]
[Date "2020.11.29"]
[Round "7.1"]
[White "Balakrishnan, Praveen"]
[Black "Tokhirjonova, Gulrukhbegim"]
[Result "1-0"]
[WhiteElo "2485"]
[BlackElo "2378"]
[Annotator "TA"]
[PlyCount "61"]
[EventDate "2020.11.26"]
[EventType "tourn"]
[EventCountry "USA"]
[SourceTitle "playchess.com"]
[Source "ChessBase"]
[SourceQuality "1"]

{[%evp 19,61,8,50,50,36,50,48,37,41,28,30,0,0,-58,0,0,0,0,0,-59,-63,-71,-66,-209,10,10,49,53,97,105,117,128,105,23,479,469,1175,1112,1730,1727,1672,1654,1397,1149]} 1. d4 Nf6 2. c4 g6 3. g3 Bg7 4. Bg2 d5 5. cxd5 Nxd5 6. Nf3 Nb6 7. Nc3 Nc6 8. e3 O-O 9. O-O e5 10. d5 Na5 11. b3 {D76: Fianchetto Grünfeld: Main Line with 7...Nb6.} e4 12. Nd4 Nxd5 13. Nxe4 {White is slightly better.} b6 14. Ba3 (14. b4 $5 Nxb4 15. Ba3 $11) 14... c5 15. Ne2 {[#]} (15. Nxc5 $5 bxc5 16. Bxc5 $11) 15... Ba6 $146 (15... Bxa1 $6 16. Qxa1 Bb7 17. Rd1 $16) ({Predecessor:} 15... Bxa1 16. Qxa1 Bb7 17. Rd1 f5 18. Nxc5 bxc5 19. Nf4 Qf6 20. Bb2 Qf7 21. Nxd5 Rfd8 {1-0 (31) Paszek,A-Pawlowski,S Poland 1990}) 16. Re1 (16. Rc1 $11) 16... Nc7 ({Reject} 16... Bxa1 $6 17. Qxa1 f5 18. Nxc5 $1 $16 {[%mdl 512]}) (16... Nc6 $1 $15) 17. Qc1 $11 Bxa1 18. Qxa1 f5 19. N4c3 ({White should try} 19. Nxc5 $1 $11 bxc5 20. Bxa8 Qxa8 21. Qc3) 19... Bb7 $15 {aiming for ...Bxg2.} 20. e4 Ne6 21. Rd1 (21. Bb2 $15) 21... Qe8 $2 (21... Qf6 $19 {Strongly threatening ...Rae8.} 22. f4 fxe4) 22. Nd5 $11 {Black should prevent Nf6+.} Rd8 23. Qc3 $1 {Bb2 is the strong threat.} Nc6 {Hoping for ...Ncd4.} ({Avoid the trap} 23... Bxd5 $2 24. exd5 Ng7 25. Nf4 $16) 24. Bb2 {Intending Qh8+ and mate.} Ned4 25. Nxd4 cxd4 26. Qc4 $40 {[%mdl 128] White attacks.} ({Better is} 26. Rxd4 $16 {Threatens to win with Ra4.} Qe5 27. Nf6+ $1 {[%mdl 512]} Qxf6 28. Rxd8 Nxd8 29. Qxf6 Rxf6 30. Bxf6) 26... Qf7 $2 {[%mdl 8192]} (26... b5 $1 $11 {and Black has nothing to worry.} 27. Qxb5 fxe4) 27. Rxd4 $18 {White is clearly winning.} b5 (27... fxe4 28. Nf6+ Kg7 {[#]} 29. Ng4 $1 {[%mdl 512]}) (27... Rd6 $142 28. Rd2 Re6 29. exf5 Re1+ 30. Bf1 Ne5 31. Nf6+ Kg7) 28. Nf6+ $1 Kh8 29. Rxd8 {White wants to mate with Qxf7.} Qxc4 30. Rxf8+ ({Not} 30. bxc4 Rxd8 31. Nd5+ (31. cxb5 Rd1+ 32. Bf1 Nd4 $15) 31... Kg8 $11) 30... Kg7 31. Nd7+ {Weighted Error Value: White=0.24/Black=0.67} 1-0

[Event "Charlotte Thanksgiving GM 2020"]
[Site "Charlotte"]
[Date "2020.11.29"]
[Round "7.2"]
[White "Ringoir, Tanguy"]
[Black "Hong, Andrew"]
[Result "1/2-1/2"]
[WhiteElo "2484"]
[BlackElo "2449"]
[Annotator "TA"]
[PlyCount "40"]
[EventDate "2020.11.26"]
[EventType "tourn"]
[EventCountry "USA"]
[SourceTitle "playchess.com"]
[Source "ChessBase"]
[SourceQuality "1"]

{[%evp 15,27,33,41,27,25,38,59,22,11,4,22,6,9,25]} 1. d4 d5 2. c4 dxc4 3. e3 Nf6 4. Bxc4 e6 5. Nf3 c5 6. O-O a6 7. dxc5 Bxc5 8. Qxd8+ Kxd8 9. Ne5 {D27: Queen's Gambit Accepted: Classical main line: 7 e4!? and 7 a4.} Ke7 10. Be2 Nbd7 {10...Bd7 is not played anymore.} 11. Nd3 Bd6 {The position is equal.} 12. Nd2 {[%cal Bb1d2,Bd2b3,Bb3a5][%mdl 32]} b5 13. Nb3 Bb7 14. Na5 {[#]  Weighted Error Value: White=0.13/Black=0.05} {Predecessor:} Bd5 $146 15. Bd2 Rhc8 16. Rfc1 Ne5 17. Nb4 Nc4 18. Nxc4 bxc4 19. Nxd5+ exd5 20. Bc3 Rab8 {½-½ (67) So,W (2812)-Caruana,F (2808) Stavanger 2017} 1/2-1/2

[Event "Charlotte Thanksgiving GM 2020"]
[Site "Charlotte"]
[Date "2020.11.29"]
[Round "7.3"]
[White "Ostrovskiy, Aleksandr"]
[Black "Sheng, Joshua"]
[Result "1/2-1/2"]
[WhiteElo "2434"]
[BlackElo "2474"]
[Annotator "TA"]
[PlyCount "47"]
[EventDate "2020.11.26"]
[EventType "tourn"]
[EventCountry "USA"]
[SourceTitle "playchess.com"]
[Source "ChessBase"]
[SourceQuality "1"]

{[%evp 9,47,18,24,11,30,25,25,30,36,30,30,22,30,25,24,19,24,23,18,23,23,20,29,18,32,28,28,37,33,18,10,19,21,0,0,0,0,0,0,0]} 1. e4 c5 2. Nf3 d6 3. Bb5+ Nd7 4. O-O a6 5. Bd3 Ngf6 6. Re1 {B51: Sicilian: Moscow Variation (3 Bb5+) without 3...Bd7.} g6 7. c3 Bh6 8. Bf1 {White has an edge.} Ne5 9. Nxe5 dxe5 10. Na3 b5 {[#]} 11. d4 $1 {[%mdl 512]} Bxc1 (11... cxd4 12. Bxh6) 12. Rxc1 cxd4 13. cxd4 Qxd4 14. Qxd4 exd4 15. e5 Nd5 16. Nc2 {[#]} Nf4 $146 {next ...d3 is good for Black.} ({Predecessor:} 16... O-O 17. Nxd4 Bb7 18. Nb3 Rad8 19. g3 Rfe8 20. Bg2 Ba8 21. Nc5 Nb4 22. Bxa8 Rxa8 {1-0 (54) Milliet,S (2391)-Cramling,P (2472) Stary Smokovec 2018}) 17. Nxd4 Ne6 18. Nc6 Bb7 19. Red1 Bxc6 {The position is equal.} 20. Rxc6 O-O 21. g3 Rfc8 22. Rdc1 Rd8 23. f4 Rd2 24. R1c2 {Weighted Error Value: White=0.04/Black=0.03} 1/2-1/2

[Event "Charlotte Thanksgiving GM 2020"]
[Site "Charlotte"]
[Date "2020.11.29"]
[Round "7.4"]
[White "Dragun, Kamil"]
[Black "Jacobson, Brandon"]
[Result "1-0"]
[WhiteElo "2565"]
[BlackElo "2487"]
[Annotator "TA"]
[PlyCount "101"]
[EventDate "2020.11.26"]
[EventType "tourn"]
[EventCountry "USA"]
[SourceTitle "playchess.com"]
[Source "ChessBase"]
[SourceQuality "1"]

{[%evp 9,101,0,0,0,0,0,0,-6,0,-2,-2,-3,0,-2,11,0,17,13,22,24,40,-19,-13,-16,0,0,2,-25,11,-45,16,12,12,23,24,14,27,10,39,22,37,27,93,95,110,49,112,105,126,145,160,113,101,87,70,68,232,229,233,220,234,227,225,234,237,224,404,392,409,404,403,360,505,487,470,516,477,462,396,364,338,340,1287,1163,1625,1539,29987,29988,29990,29989,29993,29994,29996,29997]} 1. d4 d5 2. c4 e6 3. Nc3 h6 4. e3 Nf6 5. Bd3 a6 {[#]} 6. c5 $146 {D31: Queen's Gambit Declined: Semi-Slav without ...Nf6 (+ Marshall Gambit and Noteboom) and Exchange Variation lines without ...Nf6.} ({Predecessor:} 6. e4 dxc4 7. Bxc4 Nc6 8. d5 exd5 9. exd5 Bc5 10. Qe2+ Ne7 11. Nh3 Bxh3 12. gxh3 {0-1 (24) Meijer,R (611)-Venturas,B (606) LSS email 2010}) 6... b6 7. cxb6 cxb6 8. Nf3 {The position is equal.} Nbd7 9. Ne5 Nxe5 10. dxe5 Nd7 11. f4 Qh4+ 12. g3 Qd8 13. O-O Bb7 14. a3 Rc8 15. Qe2 (15. Ne2 $14) 15... b5 $11 16. Bd2 Nc5 17. Bc2 Ne4 18. Be1 Nxc3 19. bxc3 (19. Bxc3 $11 Bc5 20. Bd4) 19... d4 (19... Bc5 $15) 20. exd4 Qd5 21. Kf2 Be7 22. Bd2 O-O 23. Ke1 Bd8 24. Qd3 {[%csl Gc2][%cal Rd3h7]} g6 25. Bd1 $36 {[%mdl 2048] White has the initiative.} Ba5 (25... Qd7 $11) 26. Bf3 $16 Qd7 27. Ke2 ({Better is} 27. g4 $16) 27... Rc4 (27... Bd5 $14 28. Bxd5 Qxd5) 28. g4 Rfc8 {[%cal Ra5c3]} 29. Rac1 Bd5 30. Bxd5 Qxd5 31. Rf3 Bb6 {[%cal Rb6d4] White should prevent ...Bxd4!} 32. f5 g5 $2 {[#] This move loses the game for Black.} (32... exf5 $1 $14 33. gxf5 g5) 33. fxe6 $1 $18 Qxe6 {[#] aiming for ...Bxd4!} 34. Rcf1 $1 Qxg4 35. Qf5 Qxf5 36. Rxf5 R8c7 37. Rf6 R4c6 $2 (37... Ba5) 38. d5 Rxf6 39. Rxf6 {[%mdl 4096] Endgame KRB-KRB} Bc5 40. Kd3 Re7 (40... Rd7 $142 41. Ke4 Kg7 42. Rxa6 f5+ 43. exf6+ (43. Kxf5 Rxd5 44. Be1 Rd1 $16) 43... Kf7) 41. Ke4 Kg7 42. h4 gxh4 43. Bxh6+ Kg8 44. Rxa6 h3 {Strongly threatening ...h2.} 45. Bf4 Re8 $2 (45... Kg7 46. a4 bxa4) 46. Rh6 Bxa3 47. Rxh3 b4 48. Bg5 {White mates.} Kg7 49. d6 bxc3 50. d7 Rg8 51. Kf5 {Weighted Error Value: White=0.10/Black=0.44} 1-0

[Event "Charlotte Thanksgiving GM 2020"]
[Site "Charlotte"]
[Date "2020.11.29"]
[Round "7.5"]
[White "Mishra, Abhimanyu"]
[Black "Gauri, Shankar"]
[Result "1/2-1/2"]
[WhiteElo "2338"]
[BlackElo "2356"]
[Annotator "TA"]
[PlyCount "43"]
[EventDate "2020.11.26"]
[EventType "tourn"]
[EventCountry "USA"]
[SourceTitle "playchess.com"]
[Source "ChessBase"]
[SourceQuality "1"]

{[%evp 11,43,7,30,16,18,19,26,14,31,20,20,20,25,24,24,24,19,14,8,23,24,10,14,12,14,12,23,17,37,33,33,11,33,27]} 1. e4 e5 2. Nf3 Nc6 3. Bc4 Nf6 4. d3 Bc5 5. c3 d6 6. O-O a6 7. a4 $1 {[%mdl 4] is more profitable than 7.Bb3 at the moment. C54: Giuoco Piano: 4 c3 Nf6, main lines with 5 d4 and 5 d3.} Ba7 8. Re1 O-O 9. h3 {White has an edge.} Be6 10. Bxe6 fxe6 11. Be3 Bxe3 12. Rxe3 {[#]} Nd7 $146 ({Predecessor:} 12... a5 13. Nbd2 Qe8 14. d4 exd4 15. Nxd4 e5 16. Qb3+ Kh8 17. Ne6 Rf7 18. Ng5 Re7 {½-½ (40) Vachier Lagrave,M (2774)-Jakovenko,D (2681) Khanty-Mansiysk 2019}) 13. Nbd2 {[%cal Bb1d2,Bd2f1,Bf1g3][%mdl 32]} a5 14. Qc2 Qf6 15. Rd1 Kh8 16. Nf1 Ne7 17. Ng3 Ng6 18. Qb3 Nb6 19. d4 h6 20. Qb5 Qf7 21. Rf1 {[%cal Rd4e5]} exd4 22. cxd4 {Weighted Error Value: White=0.04/Black=0.07} 1/2-1/2

[Event "Charlotte Thanksgiving GM 2020"]
[Site "Charlotte"]
[Date "2020.11.29"]
[Round "8.1"]
[White "Tokhirjonova, Gulrukhbegim"]
[Black "Mishra, Abhimanyu"]
[Result "1/2-1/2"]
[WhiteElo "2378"]
[BlackElo "2338"]
[Annotator "TA"]
[PlyCount "31"]
[EventDate "2020.11.26"]
[EventType "tourn"]
[EventCountry "USA"]
[SourceTitle "playchess.com"]
[Source "ChessBase"]
[SourceQuality "1"]

{[%evp 20,31,-13,-13,-12,-3,-8,-7,0,0,0,-8,0,0]} 1. e4 e5 2. Nf3 Nc6 3. d4 exd4 4. Nxd4 Qf6 5. Be3 Bc5 6. c3 Nge7 7. Bc4 Ne5 8. Be2 d6 9. O-O Qg6 10. Bh5 Qxe4 11. Nd2 {The position is equal.} Qd3 {C45: Scotch Game.} 12. Be2 Qg6 {[#]} 13. Bh5 $146 ({Predecessor:} 13. Nb5 Bxe3 14. fxe3 O-O 15. Nxc7 Bh3 16. Rf2 Rac8 17. Nb5 Bd7 18. Nd4 Nd5 19. Nf1 Nf6 20. Ng3 Nfg4 21. Ndf5 Rfe8 22. Qxd6 Nxf2 23. Kxf2 Bxf5 {0-1 (34) Gzib,D (1864)-Slivka,D (1681) Liptovsky Mikulas 2017}) 13... Qd3 14. Be2 Qg6 15. Bh5 Qd3 16. Be2 {Not much happened in this game. Not enough moves} 1/2-1/2

[Event "Charlotte Thanksgiving GM 2020"]
[Site "Charlotte"]
[Date "2020.11.29"]
[Round "8.2"]
[White "Jacobson, Brandon"]
[Black "Gauri, Shankar"]
[Result "1-0"]
[WhiteElo "2487"]
[BlackElo "2356"]
[Annotator "TA"]
[PlyCount "53"]
[EventDate "2020.11.26"]
[EventType "tourn"]
[EventCountry "USA"]
[SourceTitle "playchess.com"]
[Source "ChessBase"]
[SourceQuality "1"]

{[%evp 15,53,25,27,38,42,35,30,42,25,31,31,41,47,42,25,33,41,41,34,44,181,163,160,185,177,182,137,73,66,64,68,70,67,50,64,70,820,808,779,775]} 1. d4 d5 2. c4 c6 3. cxd5 cxd5 4. Nc3 Nf6 5. Bf4 Nc6 6. e3 a6 7. Be2 Bf5 8. Nf3 {8.Nf3 is better than 8.g4.} e6 9. Qb3 {D13: Slav Defence: Exchange variation without ...Bf5.} Bd6 10. Bxd6 ({Much worse is} 10. Qxb7 Na5 $15) 10... Qxd6 11. Qxb7 {White has an edge.} O-O 12. Qb3 ({But not} 12. Bxa6 $2 Rab8 $19) 12... Nb4 13. O-O Nc2 $1 {And now ...Rfb8 would win.} 14. Rac1 Rfb8 15. Qa4 {Hoping for Nh4.} Rb4 16. Qa5 $1 Rxb2 17. Ne5 {[#]} Nd7 $146 {[#]} (17... Na3 $14) ({Predecessor:} 17... Na3 18. Rfe1 Qb4 19. Qc7 Qb7 20. Qa5 Qb4 21. Qc5 h5 22. h3 Nc2 23. Rb1 Qxc5 24. dxc5 Rxb1 25. Rxb1 {½-½ (46) Stein,K (2407)-Bondars,G (2423) ICCF email 2017}) 18. Nd1 $1 $18 {[%cal Rd1b2]} Nxd4 19. exd4 Rxe2 20. Rc6 Qe7 21. Rc7 ({Better is} 21. Rxa6 Rxa6 22. Qxa6 Rxe5 23. dxe5) 21... Rxe5 $16 22. dxe5 Qd8 23. Ne3 Bd3 24. Rfc1 $40 {[%mdl 128] White has some attack.} Nxe5 25. Ra7 $1 {aiming for Qc7.} Rc8 $2 {[%mdl 8192] [#]} (25... Rb8 $14 26. Qxd8+ Rxd8) 26. Rxc8 $1 $18 Qxc8 27. Qc7 {Weighted Error Value: White=0.03/Black=0.21} 1-0

[Event "Charlotte Thanksgiving GM 2020"]
[Site "Charlotte"]
[Date "2020.11.29"]
[Round "8.3"]
[White "Sheng, Joshua"]
[Black "Balakrishnan, Praveen"]
[Result "1/2-1/2"]
[WhiteElo "2474"]
[BlackElo "2485"]
[Annotator "TA"]
[PlyCount "89"]
[EventDate "2020.11.26"]
[EventType "tourn"]
[EventCountry "USA"]
[SourceTitle "playchess.com"]
[Source "ChessBase"]
[SourceQuality "1"]

{[%evp 18,89,12,0,12,0,8,0,0,0,44,0,0,0,1,9,10,15,17,18,22,22,29,27,40,48,37,38,38,38,48,37,63,60,100,99,101,100,101,87,90,87,89,82,94,58,75,79,78,71,72,55,55,55,56,58,60,52,63,49,50,48,47,42,42,42,42,39,60,11,15,8,8,8]} 1. d4 Nf6 2. c4 e6 3. g3 d5 4. Nf3 Bb4+ 5. Bd2 Be7 6. Bg2 O-O 7. O-O c6 8. Qc2 Nbd7 9. Bf4 b6 10. Rd1 Ba6 {E08: Closed Catalan: Main Line: 7 Qc2.} 11. Ne5 Rc8 12. cxd5 Nxd5 13. Nc3 {[#]} Qe8 $146 ({Predecessor:} 13... Nxe5 14. Bxe5 Nxc3 15. bxc3 Bc4 16. Be4 h6 17. Bh7+ Kh8 18. Bd3 Bxd3 19. Rxd3 b5 {1-0 (45) Gupta,A (2602)-Sargissian,G (2689) Sharjah 2019}) 14. Nd3 Bxd3 15. Qxd3 Nxf4 16. gxf4 Bd6 17. e3 Nf6 18. Rac1 Qe7 19. Ne4 Nxe4 20. Bxe4 Qh4 21. Rxc6 Rxc6 22. Bxc6 g5 23. fxg5 {aiming for f4.} Rc8 24. Be4 {f4 is the strong threat.} Qxg5+ 25. Kh1 {[#] Hoping for Rg1.} Qh5 {[%csl Gd6][%cal Rh5h2]} 26. f4 Kh8 27. Rg1 Qh3 28. a3 Rg8 29. Bg2 Qg4 30. Qc2 Qg6 31. Qf2 Be7 32. Rc1 Qd3 33. Bf3 Bf6 34. Qe2 (34. Rd1 {is interesting.} Qg6 35. Bb7 a5 36. Qd2 Bh4 37. Rc1) 34... Qxe2 35. Bxe2 $14 {[%mdl 4096] Endgame Black must now prevent Bh5. KRB-KRB} Bh4 36. Bh5 Bf2 37. Bxf7 {[%mdl 64] [#] Double Attack} Rf8 38. Bxe6 {Strongly threatening Rc3.} Bxe3 39. Rc7 Bxd4 40. f5 Bxb2 41. Rxa7 Rd8 42. a4 Rd2 43. Rf7 {Threatens to win with f6.} Rf2 $1 44. h4 h5 45. Rb7 {Weighted Error Value: White=0.08/Black=0.05} 1/2-1/2

[Event "Charlotte Thanksgiving GM 2020"]
[Site "Charlotte"]
[Date "2020.11.29"]
[Round "8.4"]
[White "Hong, Andrew"]
[Black "Ostrovskiy, Aleksandr"]
[Result "1/2-1/2"]
[WhiteElo "2449"]
[BlackElo "2434"]
[Annotator "TA"]
[PlyCount "58"]
[EventDate "2020.11.26"]
[EventType "tourn"]
[EventCountry "USA"]
[SourceTitle "playchess.com"]
[Source "ChessBase"]
[SourceQuality "1"]

{[%evp 9,58,18,34,37,17,19,45,23,22,17,17,20,12,13,19,20,22,0,6,6,16,0,0,0,0,-3,0,0,31,2,2,2,2,2,2,3,2,2,16,16,20,22,22,22,15,15,17,17,18,16,27]} 1. e4 c6 2. d4 d5 3. e5 c5 4. Nf3 Nc6 5. dxc5 Bg4 6. c3 {B12: Caro-Kann: Advance Variation.} e6 7. Be3 a6 8. Nbd2 {White is slightly better.} Nxe5 9. h3 Bxf3 10. Nxf3 Nxf3+ 11. Qxf3 Ne7 {[#]} 12. Bd3 $146 ({Predecessor:} 12. b4 Nf5 13. Bd2 Be7 14. Bd3 Nh4 15. Qg3 O-O 16. a3 a5 17. O-O Ng6 18. Bc2 {1-0 (30) Boldysh,K (2391)-Badalyan,V ICCF email 2017}) 12... Nc6 13. Qg3 g6 14. O-O Bg7 15. Rfd1 O-O 16. Rac1 Qe7 17. b4 Rad8 18. a4 e5 19. b5 axb5 {The position is equal.} 20. axb5 Na5 $1 21. c6 {next Ra1 is good for White.} bxc6 22. Bb6 Ra8 23. Ra1 Nc4 24. Rxa8 Rxa8 25. Bxc4 dxc4 26. bxc6 {[#] Hoping for c7.} Qe6 $1 {[%cal Re6c6]} 27. Bc7 $1 {[%cal Rc7d6] Black should prevent Bd6.} Qxc6 28. Bxe5 Bxe5 29. Qxe5 Re8 {Not much happened in this game.  Weighted Error Value: White=0.04/Black=0.03} 1/2-1/2

[Event "Charlotte Thanksgiving GM 2020"]
[Site "Charlotte"]
[Date "2020.11.29"]
[Round "8.5"]
[White "Dragun, Kamil"]
[Black "Ringoir, Tanguy"]
[Result "1/2-1/2"]
[WhiteElo "2565"]
[BlackElo "2484"]
[Annotator "TA"]
[PlyCount "35"]
[EventDate "2020.11.26"]
[EventType "tourn"]
[EventCountry "USA"]
[SourceTitle "playchess.com"]
[Source "ChessBase"]
[SourceQuality "1"]

{[%evp 13,14,22,7]} 1. d4 Nf6 2. c4 g6 3. Nf3 Bg7 4. g3 c6 5. Bg2 d5 6. O-O O-O 7. cxd5 cxd5 {[#]} {Predecessor:} 8. Ne5 $146 {D78: Fianchetto Grünfeld: 6 0-0 c6.} Ne4 9. Nd2 Nxd2 10. Bxd2 Nd7 11. Nxd7 Bxd7 12. e3 e6 13. Qb3 Qb6 14. Qxb6 axb6 15. Rfc1 Rfc8 16. Rxc8+ Rxc8 17. Rc1 Rxc1+ 18. Bxc1 {½-½ (38) Carlsen,M (2863)-Nepomniachtchi,I (2784) chess24.com INT 2020} 1/2-1/2

[Event "Charlotte Thanksgiving GM 2020"]
[Site "Charlotte"]
[Date "2020.11.30"]
[Round "9.1"]
[White "Gauri, Shankar"]
[Black "Tokhirjonova, Gulrukhbegim"]
[Result "1/2-1/2"]
[WhiteElo "2356"]
[BlackElo "2378"]
[Annotator "ChessBase"]
[PlyCount "92"]
[EventDate "2020.11.26"]
[EventType "tourn"]
[EventCountry "USA"]
[SourceTitle "playchess.com"]
[Source "ChessBase"]
[SourceQuality "1"]
[TimeControl "5400+30"]

1. Nf3 {[%emt 1:30:30]} Nf6 {[%emt 1:30:30]} 2. g3 {[%emt 0:00:30]} d5 {[%emt 0:00:30]} 3. Bg2 {[%emt 0:00:30]} g6 {[%emt 0:00:30]} 4. d4 {[%emt 0:00:30]} Bg7 {[%emt 0:00:30]} 5. O-O {[%emt 0:00:30]} O-O {[%emt 0:00:30]} 6. c3 {[%emt 0:00:30]} c6 {[%emt 0:00:30]} 7. Re1 {[%emt 0:00:30]} a5 {[%emt 0:00:30]} 8. Bf4 {[%emt 0:00:30]} Qb6 {[%emt 0:00:30]} 9. Qb3 {[%emt 0:00:30]} Nbd7 {[%emt 0:00:30]} 10. Nbd2 {[%emt 0:00:30]} a4 {[%emt 0:00:30]} 11. Qa3 {[%emt 0:00:30]} Re8 {[%emt 0:00:30]} 12. c4 {[%emt 0:00:30]} Ne4 {[%emt 0:00:30]} 13. Rac1 {[%emt 0:00:30]} Nxd2 {[%emt 0:00:30]} 14. Bxd2 {[%emt 0:00:30]} e5 {[%emt 0:00:30]} 15. cxd5 {[%emt 0:00:30]} cxd5 {[%emt 0:00:30]} 16. dxe5 {[%emt 0:00:30]} Nxe5 {[%emt 0:00:30]} 17. Nxe5 {[%emt 0:00:30]} Bxe5 {[%emt 0:00:30]} 18. Bxd5 {[%emt 0:00:30]} Bxb2 {[%emt 0:00:30]} 19. Qf3 {[%emt 0:00:30]} Be6 {[%emt 0:00:30]} 20. Rb1 {[%emt 0:00:30]} Bxd5 {[%emt 0:00:30]} 21. Qxd5 {[%emt 0:00:30]} Rad8 {[%emt 0:00:30]} 22. Qg5 {[%emt 0:00:30]} Qd4 {[%emt 0:00:30]} 23. Be3 {[%emt 0:00:30]} Qc3 {[%emt 0:00:30]} 24. Qb5 {[%emt 0:00:30]} a3 {[%emt 0:00:30]} 25. Rbd1 {[%emt 0:00:30]} Qc6 {[%emt 0:00:30]} 26. Qxc6 {[%emt 0:00:30]} bxc6 {[%emt 0:00:30]} 27. Kf1 {[%emt 0:00:30]} f5 {[%emt 0:00:30]} 28. Rd3 {[%emt 0:00:30]} Rd5 {[%emt 0:00:30]} 29. Red1 {[%emt 0:00:30]} Red8 {[%emt 0:00:30]} 30. Bc5 {[%emt 0:00:30]} Rxd3 {[%emt 0:00:30]} 31. Rxd3 {[%emt 0:00:30]} Rxd3 {[%emt 0:00:30]} 32. exd3 {[%emt 0:00:30]} Kf7 33. Ke2 {[%emt 0:00:30]} Ke6 {[%emt 0:01:00]} 34. f3 {[%emt 0:00:30]} Kd5 {[%emt 0:00:30]} 35. Be7 {[%emt 0:00:30]} c5 {[%emt 0:00:30]} 36. Bg5 {[%emt 0:00:30]} c4 {[%emt 0:00:30]} 37. dxc4+ {[%emt 0:00:30]} Kxc4 {[%emt 0:00:30]} 38. Kd2 {[%emt 0:00:30]} Bc3+ {[%emt 0:00:30]} 39. Kc2 {[%emt 0:00:30]} Bb4 {[%emt 0:00:30]} 40. Bf6 {[%emt 0:00:30]} Bd6 {[%emt 0:00:30]} 41. Kd2 {[%emt 0:00:30]} Bc5 {[%emt 0:00:30]} 42. h3 {[%emt 0:00:30]} h5 {[%emt 0:00:30]} 43. Be5 {[%emt 0:00:30]} Kd5 {[%emt 0:00:30]} 44. Bf4 {[%emt 0:00:30]} Kc4 {[%emt 0:00:30]} 45. Be5 {[%emt 0:00:30]} Kd5 {[%emt 0:00:30]} 46. Bf4 {[%emt 0:00:30]} Kc4 {[%emt 0:00:30]} 1/2-1/2

[Event "Charlotte Thanksgiving GM 2020"]
[Site "Charlotte"]
[Date "2020.11.30"]
[Round "9.2"]
[White "Ostrovskiy, Aleksandr"]
[Black "Dragun, Kamil"]
[Result "1/2-1/2"]
[WhiteElo "2434"]
[BlackElo "2565"]
[Annotator "TA"]
[PlyCount "30"]
[EventDate "2020.11.26"]
[EventType "tourn"]
[EventCountry "USA"]
[SourceTitle "playchess.com"]
[Source "ChessBase"]
[SourceQuality "1"]

{[%evp 13,14,20,6]} 1. e4 e5 2. Nf3 Nf6 3. Nxe5 d6 4. Nf3 Nxe4 5. Nc3 Nxc3 6. dxc3 Be7 7. Be3 O-O {[#]} {Predecessor:} 8. Qd2 $146 {C42: Petroff Defence: 3 Nxe5 and unusual White 3rd moves.} Nd7 9. O-O-O Nf6 10. Bd3 c5 11. Rhe1 Be6 12. a3 c4 13. Bf1 Ne4 14. Qe2 d5 15. Bd4 b5 {½-½ (85) Caruana,F (2823)-Duda,J (2743) Chess.com INT 2020} 1/2-1/2